000 00361nam a2200169Ia 4500
100 _aC.Nirad Chaudhuri
650 _aGeneral
942 _cBK
366 _f20
654 _aunknown indian
245 _aAutobiography of an unknown Indian
260 _bJaico
_aMumbai
_c2008
082 _a920/CHA
_bCHA
300 _a570
546 _aENGLISH
999 _c32542
_d32542